Sinh học và đời sống Dùng cho đào tạo Giáo viên Tiểu học trình độ đại học

Đã lưu trong:
書目詳細資料
主要作者: Nguyễn Kim Tiến
其他作者: Hà Thị Phương, Lê Thị Huyền, Nguyễn Văn Thuật
格式: 圖書
語言:Vietnamese
出版: H. Giáo dục, 2007
主題:
標簽: 添加標簽
沒有標簽, 成為第一個標記此記錄!
Thư viện lưu trữ: Trung tâm Học liệu Lê Vũ Hùng, Trường Đại học Đồng Tháp
LEADER 01113pam a22002778a 4500
001 00024149
005 20171026081025.0
008 110712s2007 ||||||viesd
041 0 # |a vie 
082 1 4 |a 660.6  |b S312H 
100 0 # |a Nguyễn Kim Tiến 
245 0 0 |a Sinh học và đời sống  |b Dùng cho đào tạo Giáo viên Tiểu học trình độ đại học  |c Nguyễn Kim Tiến,Lê Thị Huyền, Hà Thị Phương, Nguyễn Văn Thuật 
260 # # |a H.  |b  Giáo dục,  |c 2007 
300 # # |a 137tr.  |c 27cm. 
500 # # |a ĐTTS ghi: Bộ GD và ĐT.Dự án phát triển giáo viên tiểu học 
653 # # |a Công nghệ 
653 # # |a Thành tựu 
653 # # |a Ứng dụng 
700 0 # |a Hà Thị Phương 
700 0 # |a Lê Thị Huyền 
700 0 # |a Nguyễn Văn Thuật 
852 # # |b Kho giáo trình  |j KGT.0010041, KGT.0032884 
852 # # |b Kho mượn  |j KGT.0010041 
852 # # |j KGT.0032884  |j KGT.0010041 
910 |d 12/07/2011 
980 # # |a Trung tâm Học liệu Lê Vũ Hùng, Trường Đại học Đồng Tháp